Sports Quiz

Random Sports Quiz

Sports Champions of 2011 Quiz Stats

 Plays Quiz not verified by Sporcle

Challenge
Share
Tweet
Embed
Score 0/24 Timer 07:00
0 Plays Today
League or Sport Team % Correct
2011 NBA FinalsDallas Mavericks
83.3%
Super Bowl XLVGreen Bay Packers
75%
2011 World SeriesSt. Louis Cardinals
75%
2011 Stanley Cup FinalsBoston Bruins
70.8%
2010-11 UEFA Champions LeagueBarcelona
45.8%
2011 BCS National Championship GameAuburn
37.5%
2011 March MadnessConnecticut
33.3%
Australian Open (Men's)Novak Djokovic
33.3%
French Open (Men's)Rafael Nadal
33.3%
Wimbledon (Men's)Novak Djokovic
33.3%
U.S. Open (Men's)Novak Djokovic
33.3%
U.S. Open (Golf)Rory McIlroy
29.2%
League or Sport Team % Correct
French Open (Women's)Li Na
25%
2011 FIFA Women's World CupJapan
20.8%
The MastersCharl Schwartzel
20.8%
PGA ChampionshipKeegan Bradley
20.8%
Australian Open (Women's)Kim Clijsters
16.7%
The Open ChampionshipDarren Clarke
16.7%
Tour de FranceCadel Evans
16.7%
Wimbledon (Women's)Petra Kvitova
12.5%
U.S. Open (Women's)Samantha Stosur
12.5%
Kentucky DerbyAnimal Kingdom
8.3%
Preakness StakesShackleford
8.3%
Belmont StakesRuler on Ice
8.3%

You're not logged in!

Compare scores with friends on all Sporcle quizzes.
Join for Free
OR
Log In

You Might Also Like...

Show Comments

Extras

Top Quizzes Today


Score Distribution

Your Account Isn't Verified!

In order to create a playlist on Sporcle, you need to verify the email address you used during registration. Go to your Sporcle Settings to finish the process.

Report this User

Report this user for behavior that violates our Community Guidelines.

Details: